[Event "Pamplona9697"]
[Site "Pamplona"]
[Date "1996.??.??"]
[Round "3"]
[White "De la Villa Garcia, Jesus Maria"]
[Black "Ponomariov, Ruslan"]
[Result "0-1"]
[WhiteElo "2495"]
[BlackElo "2550"]

1.e4 c5 2.Nf3 Nc6 3.Bb5 g6 4.Bxc6 dxc6 5.d3 Bg7 6.Nc3 Nh6 7.h3 f6 8.Be3 b6
9.Qe2 e5 10.Nd2 Nf7 11.a3 Qe7 12.a4 O-O 13.a5 Be6 14.O-O f5 15.exf5 gxf5
16.f4 Rae8 17.axb6 axb6 18.Qh5 Bc8 19.Kh1 exf4 20.Bxf4 b5 21.Nf3 c4 22.Rae1 Qf6
23.dxc4 bxc4 24.Kh2 Qg6 25.Qxg6 hxg6 26.Be3 Ne5 27.Nxe5 Rxe5 28.Bf4 Re6 29.Rxe6 Bxe6
30.Rd1 Kf7 31.h4 Ra8 32.g3 Ra7 33.Bd6 Rb7 34.Ba3 Rb8 35.Kg2 Be5 36.Re1 Bd4
37.Rd1 Be5 38.Re1 Kf6 39.Rf1 Bd5+ 40.Nxd5+ cxd5 41.Rb1 d4 42.Kf3 d3 43.cxd3 Rb3
44.g4 Rxd3+ 45.Ke2 fxg4 46.Rc1 Rd4 47.Ke3 Kf5 48.Rh1 Rd3+ 49.Ke2 Rh3 50.Rf1+ Ke4  0-1

[Event "Pamplona9697"]
[Site "Pamplona"]
[Date "1996.??.??"]
[Round "8"]
[White "Gulko, Boris F"]
[Black "Ponomariov, Ruslan"]
[Result "1-0"]
[WhiteElo "2615"]
[BlackElo "2550"]

1.c4 e6 2.Nf3 c5 3.g3 Nf6 4.Bg2 d5 5.O-O Nc6 6.d4 Be7 7.dxc5 Bxc5 8.a3 a6
9.b4 Ba7 10.Bb2 O-O 11.Nbd2 Qe7 12.Qc2 Rd8 13.e4 dxe4 14.Nxe4 e5 15.Rad1 Bg4
16.c5 Nxe4 17.Qxe4 f5 18.Qc4+ Kh8 19.h3 Bh5 20.g4 fxg4 21.hxg4 Bg6 22.Qc3 Rxd1
23.Rxd1 Bb8 24.Qd2 Bc7 25.Qg5 Qe6 26.Nh4 Bc2 27.Nf5 Qf7 28.Rd2 Bb3 29.Qxg7+ Qxg7
30.Nxg7 Rg8 31.Nh5 Be6 32.Nf6 Rg6 33.Ne8 Bxg4 34.f3 Bxf3 35.Nxc7 Rg7 36.Ne8 Rg8
37.Nd6 Nd4 38.Nf7+ Kg7 39.Nxe5 Ne2+ 40.Kh2 Bxg2 41.Rxe2 Bd5 42.Ng4+  1-0

[Event "EU-ch U18"]
[Site "Rimavska Sobota"]
[Date "1996.??.??"]
[Round "2"]
[White "Matikozian, Andranik"]
[Black "Ponomariov, Ruslan"]
[Result "0-1"]
[WhiteElo "2300"]
[BlackElo "2550"]

1.e4 c6 2.d4 d5 3.e5 Bf5 4.h4 h5 5.c4 e6 6.Nc3 Nd7 7.cxd5 cxd5 8.Bg5 Be7
9.Qd2 a6 10.Nge2 Bg6 11.Ng3 Nh6 12.Bd3 Bxd3 13.Qxd3 Bxg5 14.hxg5 Qxg5 15.Rxh5 Qe7
16.O-O-O O-O-O 17.Rdh1 f6 18.f4 fxe5 19.fxe5 Rhf8 20.Rf1 Nb8 21.Qd2 Rxf1+
22.Nxf1 Nc6 23.Nh2 Qf7 24.Rh3 Kb8 25.b3 Rc8 26.Kb2 Nf5 27.Nf3 Qg6 28.Rh2 Qg3
29.Rh3 Qg4 30.Qf2 g5 31.Rh7 Nb4 32.Qd2 Qf4 33.Qxf4 gxf4 34.a3 Nd3+ 35.Kc2 Nf2
36.Kd2 Rg8 37.Rh2 Ng4 38.Rh5 Nge3 39.Rg5 Rc8 40.Ne2 Rc2+ 41.Kd3 Rb2 42.Nd2 Nd1
43.Rg6 Nf2+ 44.Kc3 Ra2 45.Nxf4 Ne3 46.Nf3 a5 47.b4 Rxa3+ 48.Kd2 axb4 49.Ke2 Ne4
50.Nd3 b3 51.Rxe6 Nxg2 52.Nfe1 Ra2+  0-1

[Event "EU-ch U18"]
[Site "Rimavska Sobota"]
[Date "1996.??.??"]
[Round "4"]
[White "Jovanic, Ognjen"]
[Black "Ponomariov, Ruslan"]
[Result "0-1"]
[WhiteElo "2315"]
[BlackElo "2550"]

1.e4 Nf6 2.e5 Nd5 3.d4 d6 4.c4 Nb6 5.exd6 cxd6 6.Bd3 g6 7.Ne2 Bg7 8.Nbc3 Nc6
9.d5 Ne5 10.b3 Nxd3+ 11.Qxd3 O-O 12.O-O e6 13.dxe6 Bxe6 14.Ba3 Re8 15.Qxd6 Nxc4
16.Qxd8 Raxd8 17.bxc4 Bxc4 18.Rad1 Bxc3 19.Nxc3 Bxf1 20.Kxf1 Rxd1+ 21.Nxd1 Rc8
22.Ne3 f5 23.g3 Kf7 24.h4 Ke6 25.Ke2 Rc6 26.Bb4 Rc1 27.a3 b6 28.Kd2 Rh1 29.Ke2 f4
30.Ng2 fxg3 31.fxg3 Rb1 32.Ne3 Rb3 33.Bf8 a5 34.Kf3 Kf7 35.Bd6 Rd3 36.Bc7 Rxa3
37.Bxb6 a4 38.Bd4 Rb3 39.g4 a3 40.h5 g5 41.Ke4 a2 42.Nc2 Ke6 43.Ne3 Ra3 44.Ba1 Ra4+
45.Kd3 Rb4 46.Bh8 Rb1 47.Nc2 Rg1 48.Ke3 Rxg4 49.Kf3 Rg1 50.Kf2 Rc1 51.Nd4+ Kd5
52.Nb3 Rb1 53.Na1 Ke4 54.Kg3 Kf5 55.Nc2 Rb3+ 56.Kg2 Kg4 57.h6 Rd3 58.Kf1 Rd2
59.Na1 Kh3 60.Bc3 Rd3 61.Be5 g4 62.Nc2 Rd5  0-1

[Event "EU-ch U18"]
[Site "Rimavska Sobota"]
[Date "1996.??.??"]
[Round "9"]
[White "Ponomariov, Ruslan"]
[Black "Istrate, Bogdan"]
[Result "1-0"]
[WhiteElo "2550"]
[BlackElo "2280"]

1.e4 c5 2.c3 d6 3.d4 Nf6 4.Bd3 Qc7 5.Nf3 Bg4 6.O-O e6 7.Be3 Be7 8.Nbd2 Nc6
9.a3 O-O 10.Re1 Bh5 11.h3 Rac8 12.Qe2 Rfd8 13.Rac1 Qb8 14.Nf1 cxd4 15.cxd4 d5
16.e5 Ne4 17.g4 Bg6 18.N3h2 Bh4 19.Red1 f5 20.f3 f4 21.fxe4 fxe3 22.Qxe3 Nxd4
23.Rxc8 Qxc8 24.exd5 Nc2 25.Qxa7 Rxd5 26.Bxc2 Bxc2 27.Rxd5 exd5 28.Qd4 Qc4
29.Qxc4 dxc4 30.Ne3 Bd3 31.Nf3 Be7 32.Nf5 Bc5+ 33.Kg2 g6 34.Nd6 b6 35.Nd2 c3
36.bxc3 Bxa3 37.Kf3 Kf8 38.Ke3 Ba6 39.N2c4 Bc5+ 40.Ke4 Ke7 41.Kd5 Bf2 42.e6 Bxc4+
43.Nxc4 Be1 44.Nxb6 Bxc3 45.Nc8+ Kd8 46.Nd6 Ke7 47.Nf7 Ba1 48.Ng5 h6 49.Nf7 Bg7
50.Ne5 Kf6 51.h4  1-0

[Event "RUS-Cup6"]
[Site "Krasnodar"]
[Date "1997.03.16"]
[Round "6"]
[White "Volkov, Sergey"]
[Black "Ponomariov, Ruslan"]
[Result "0-1"]
[WhiteElo "2480"]
[BlackElo "2565"]

1.d4 Nf6 2.c4 c5 3.d5 b5 4.cxb5 a6 5.f3 g6 6.e4 Bg7 7.e5 Ng8 8.f4 d6 9.Nf3 Nd7
10.Bd2 dxe5 11.Bc3 Nb6 12.Nxe5 Nf6 13.bxa6 O-O 14.Nc6 Qd7 15.Bxf6 Bxf6 16.Ne5 Qf5
17.Qf3 Bxe5 18.fxe5 Qxe5+ 19.Qe2 Qxd5 20.Nc3 Qf5 21.Qxe7 Be6 22.O-O-O Na4
23.Bb5 Nxc3 24.bxc3 Bxa2 25.Qe2 Qb1+ 26.Kd2 Rad8+ 27.Ke3 Rfe8+ 28.Kf3 Qf5+
29.Kg3 Qg5+ 30.Qg4 Re3+ 31.Kf2 Qxg4 32.Rxd8+ Kg7 33.Ra1 Rxc3 34.Rxa2 Qf4+
35.Ke1 Rc1+ 36.Rd1 Qb4+ 37.Rd2 Rxd1+ 38.Kxd1 Qb1+  0-1

[Event "Wch U20"]
[Site "Zagan"]
[Date "1997.07.16"]
[Round "3"]
[White "Gyimesi, Zoltan"]
[Black "Ponomariov, Ruslan"]
[Result "1-0"]
[WhiteElo "2525"]
[BlackElo "2555"]

1.d4 d5 2.c4 e6 3.Nc3 c5 4.cxd5 exd5 5.Nf3 Nc6 6.g3 Nf6 7.Bg2 cxd4 8.Nxd4 Qb6
9.Nxc6 bxc6 10.O-O Be7 11.e4 Ba6 12.Re1 dxe4 13.Nxe4 O-O 14.Be3 Qb5 15.Bg5 Rad8
16.Qc2 Qc4 17.Qxc4 Bxc4 18.Nxf6+ Bxf6 19.Bxf6 gxf6 20.Bxc6 Rd2 21.b3 Rc8
22.Bb7 Rb8 23.Bf3 Bb5 24.Red1 Rb2 25.Rd4 Rc8 26.a4 Be8 27.Bd5 Kf8 28.Rad1 Rcc2
29.Rf4 Kg7 30.Kg2 a5 31.Rd3 Bd7 32.Bxf7 Bc6+ 33.Bd5 Rxb3 34.Bxc6 Rxd3 35.Be4 Rdd2
36.Bxc2 Rxc2 37.Rf5 Ra2 38.Rxa5 Kg6 39.Ra8 Kf5 40.a5 Ra3 41.a6 Ra2 42.a7 Ra1
43.h3 h5 44.Kf3 Ra3+ 45.Ke2 Ra6 46.g4+ hxg4 47.hxg4+ Kf4 48.g5 Kf5 49.gxf6 Re6+
50.Kf1  1-0

[Event "Wch U20"]
[Site "Zagan"]
[Date "1997.07.22"]
[Round "8"]
[White "Ponomariov, Ruslan"]
[Black "Banikas, Hristos"]
[Result "1/2-1/2"]
[WhiteElo "2555"]
[BlackElo "2450"]

1.e4 c5 2.Nf3 e6 3.c3 d5 4.exd5 Qxd5 5.d4 Nf6 6.Be3 cxd4 7.cxd4 Bd7 8.Nc3 Qa5
9.Bd3 Bc6 10.O-O Nbd7 11.a3 Bd6 12.Ng5 Qc7 13.h3 h6 14.Nge4 Nxe4 15.Nxe4 Nf6
16.Nxf6+ gxf6 17.Be2 Qa5 18.Bf3 Qf5 19.Bxc6+ bxc6 20.Rc1 Rc8 21.Qc2 Qd5 22.Qd2 Rg8
23.f3 Kd7 24.Bf4 Bxf4 25.Qxf4 Qg5 26.Qxg5 Rxg5 27.Rf2 Rb8 28.Rc4 Rgb5 29.b4 a5
30.bxa5 Rxa5 31.a4 Rb1+ 32.Rf1 Rb2 33.Rf2 Rb1+ 34.Rf1 Rb2 35.Rfc1 Ra6 36.Ra1 Ra5
37.Rac1 Ra6 38.Ra1 Ra5 39.Rac1  1/2-1/2

[Event "Wch U20"]
[Site "Zagan"]
[Date "1997.07.23"]
[Round "9"]
[White "Macieja, Bartlomiej"]
[Black "Ponomariov, Ruslan"]
[Result "1-0"]
[WhiteElo "2470"]
[BlackElo "2555"]

1.e4 c5 2.Nf3 Nc6 3.d4 cxd4 4.Nxd4 Nf6 5.Nc3 g6 6.Nxc6 bxc6 7.e5 Ng8 8.Bc4 Bg7
9.Bf4 Qa5 10.Qf3 f6 11.e6 d5 12.Bb5 cxb5 13.Qxd5 Qb6 14.Qxa8 Qxe6+ 15.Be3 Nh6
16.O-O O-O 17.Bxh6 Bxh6 18.Rfe1 Qf5 19.Nd5 Qxc2 20.Nxe7+ Kh8 21.Nxc8 Rxc8
22.Re8+ Rxe8 23.Qxe8+ Kg7 24.Qd7+ Kg8 25.Qxb5 Qd2 26.Qb3+  1-0

[Event "Wch U20"]
[Site "Zagan"]
[Date "1997.07.26"]
[Round "12"]
[White "Ponomariov, Ruslan"]
[Black "Tihonov, Jurij"]
[Result "1-0"]
[WhiteElo "2555"]
[BlackElo "2415"]

1.e4 c5 2.c3 d5 3.exd5 Qxd5 4.d4 Nf6 5.Nf3 e6 6.Be3 cxd4 7.cxd4 Nc6 8.Nc3 Qd6
9.a3 Be7 10.Bd3 O-O 11.Qc2 Rd8 12.O-O Bd7 13.Rad1 Rac8 14.Rfe1 Be8 15.Bc1 h6
16.Qe2 Bf8 17.Bb1 g6 18.Ba2 Ne7 19.Ne5 Ned5 20.Rd3 Bg7 21.Rh3 Qf8 22.Nxd5 Nxd5
23.Qe4 b6 24.Qh4 Ne7 25.Bb1 Nf5 26.Bxf5 exf5 27.Bd2 a5 28.Rc3 f6 29.Nd3 Bf7
30.Rxc8 Rxc8 31.Qg3 Qd8 32.Bc3 Qd7 33.h4 Bf8 34.d5 Rxc3 35.bxc3 Qxd5 36.a4 Qc4
37.Qe3 Qxc3 38.Rc1 Qa3 39.Qd4 Bc5 40.Qd7 f4 41.Rb1 Qa2 42.Rd1 Qe2 43.Nxc5 bxc5
44.Rb1 g5 45.Rb7 Qc4 46.h5 Kg7 47.f3 Qa2 48.Kh2 Qc4 49.Qe7 g4 50.fxg4 Qd5
51.Rb8 f5 52.g5  1-0

[Event "Alicante op"]
[Site "Alicante"]
[Date "1997.??.??"]
[Round "2"]
[White "Insua Mellado, Jose Luis"]
[Black "Ponomariov, Ruslan"]
[Result "0-1"]
[WhiteElo "2125"]
[BlackElo "2565"]

1.e4 d6 2.d4 Nf6 3.Nc3 g6 4.Be2 Bg7 5.Nf3 O-O 6.h3 b6 7.O-O Bb7 8.e5 dxe5
9.Nxe5 Nbd7 10.Bc4 c5 11.Nxd7 Nxd7 12.dxc5 Nxc5 13.Bg5 Qxd1 14.Raxd1 e6 15.f3 Rfc8
16.Bd2 Bxc3 17.Bxc3 Na4 18.Bb3 Nxc3 19.bxc3 Rxc3 20.Rd7 Bc6 21.Rc7 Rc5 22.a4 Be8
23.Rb7 Rcc8 24.a5 bxa5  0-1

[Event "Alicante op"]
[Site "Alicante"]
[Date "1997.??.??"]
[Round "3"]
[White "Ponomariov, Ruslan"]
[Black "Serrano Marhuenda, Salvador"]
[Result "1-0"]
[WhiteElo "2565"]
[BlackElo "2230"]

1.e4 c5 2.c3 d5 3.exd5 Qxd5 4.d4 Nc6 5.Nf3 Nf6 6.Be2 e6 7.O-O Be7 8.c4 Qd8
9.dxc5 Qxd1 10.Rxd1 Bxc5 11.Nc3 O-O 12.a3 e5 13.b4 Bd4 14.Bb2 Be6 15.b5 Na5
16.Nxd4 exd4 17.Nd5 Nxd5 18.cxd5 Bxd5 19.Rxd4 Be6 20.Ra4 b6 21.Bc3 Nb3 22.Rd1 Nc5
23.Rad4 Rac8 24.Bb4 h6 25.Bf3 Bb3 26.Re1 Rfd8 27.Rxd8+ Rxd8 28.Re7 Bc4 29.Bxc5 bxc5
30.a4 Bb3 31.Rxa7 c4 32.Rc7 Bxa4 33.b6 Bd1 34.b7  1-0

[Event "Alicante op"]
[Site "Alicante"]
[Date "1997.??.??"]
[Round "9"]
[White "Ponomariov, Ruslan"]
[Black "Kovacevic, Slobodan"]
[Result "1/2-1/2"]
[WhiteElo "2565"]
[BlackElo "2420"]

1.e4 c5 2.c3 e6 3.d4 d5 4.exd5 exd5 5.Nf3 Nc6 6.Bb5 Bd6 7.dxc5 Bxc5 8.O-O Ne7
9.Nbd2 O-O 10.Nb3 Bb6 11.Re1 Nf5 12.Bd3 h6 13.Bf4 Qf6 14.Qd2 Rd8 15.a4 a5
16.Rad1 Be6 17.Bxf5 Bxf5 18.Nfd4 Bg4 19.Rc1 Re8 20.h3 Bd7 21.Nb5 Ne5 22.Bxe5 Rxe5
23.Rxe5 Qxe5 24.Re1 Qf6 25.N3d4 Re8 26.Rxe8+ Bxe8 27.Qe2 Bd7 28.Nf3 Qf4 29.Nfd4 Bxb5  1/2-1/2

[Event "Kiev"]
[Site "Kiev"]
[Date "1997.??.??"]
[Round "4"]
[White "Ponomariov, Ruslan"]
[Black "Pesotsky, Vitaly"]
[Result "1-0"]
[WhiteElo "2565"]
[BlackElo "2415"]

1.e4 Nf6 2.e5 Nd5 3.d4 d6 4.Nf3 g6 5.Bc4 Nb6 6.Bb3 Nc6 7.exd6 cxd6 8.d5 Na5
9.Qd4 f6 10.Bd2 Nxb3 11.axb3 Bg7 12.Ba5 Bf5 13.c4 O-O 14.O-O Qc8 15.Re1 Re8
16.Nbd2 Nd7 17.Bc3 a6 18.Nh4 Ne5 19.f4 Nf7 20.Nxf5 Qxf5 21.Nf3 Qc8 22.Qd3 e5
23.dxe6 Rxe6 24.Nd4 Rxe1+ 25.Rxe1 Qd7 26.Qe4 f5 27.Qe7 Qxe7 28.Rxe7 Rb8 29.Ne6 Bxc3
30.bxc3 b5 31.cxb5 axb5 32.Kf2 d5 33.Ke3 b4 34.cxb4 Nd6 35.Rg7+ Kh8 36.Rd7 Ne4
37.b5 Nf6 38.Rd8+ Rxd8 39.Nxd8 Nd7 40.Kd4 Kg8 41.Kxd5 Kf8 42.Kd6 Ke8 43.Ne6 h6
44.Nc5  1-0

[Event "RUS-Cup6"]
[Site "Krasnodar"]
[Date "1997.??.??"]
[Round "2"]
[White "Matikozian, Andranik"]
[Black "Ponomariov, Ruslan"]
[Result "0-1"]
[WhiteElo "2305"]
[BlackElo "2565"]

1.e4 c6 2.d3 d5 3.Nd2 e5 4.Ngf3 Bd6 5.Qe2 Nf6 6.g3 O-O 7.Bg2 Bg4 8.h3 Bh5
9.g4 Bg6 10.Nh4 Nbd7 11.Nf5 Nc5 12.h4 dxe4 13.dxe4 h5 14.Nc4 Be7 15.Bg5 Bxf5
16.gxf5 b5 17.Nxe5 Qc7 18.f4 Rfe8 19.Bf3 Ng4 20.Bxg4 hxg4 21.O-O-O f6 22.Ng6 Qa5
23.Kb1 Na4 24.Rd3 Qb4 25.c3 Qc4 26.e5 Ba3 27.Re3 Bxb2 28.Qxc4+ bxc4 29.Kc2 Ba3
30.Rg3 Rab8 31.Rb1 Rxb1 32.Kxb1 Rb8+ 33.Kc2 Rb2+ 34.Kd1 Bc5 35.e6 Bf2 36.Rxg4 Nxc3+
37.Kc1 Rxa2 38.Ne7+ Kh7  0-1

[Event "RUS-Cup6"]
[Site "Krasnodar"]
[Date "1997.??.??"]
[Round "5"]
[White "Ponomariov, Ruslan"]
[Black "Petrushin, Alexander I"]
[Result "1-0"]
[WhiteElo "2565"]
[BlackElo "2415"]

1.e4 c5 2.c3 d5 3.exd5 Qxd5 4.d4 Nf6 5.Nf3 Bg4 6.Be2 e6 7.h3 Bh5 8.O-O Nc6
9.a3 cxd4 10.cxd4 Be7 11.Nc3 Qd6 12.Be3 O-O 13.Qb3 Rac8 14.Rfd1 Rfd8 15.Rac1 Qb8
16.d5 Nxd5 17.Nxd5 exd5 18.Rxd5 Bg6 19.Rb5 b6 20.Rd5 Na5 21.Rxd8+ Bxd8 22.Qb5 Rxc1+
23.Bxc1 Bf6 24.Qd7 Nb3 25.Bf4 Nc5 26.Bxb8 Nxd7 27.Bxa7 Bxb2 28.Bb5 Nc5 29.a4 Nb3
30.Bxb6 Bc3 31.Kf1 Kf8 32.Ke2 Ke7 33.Ke3 Kd6 34.Nd4 Nc5 35.a5 Be4 36.Bxc5+ Kxc5
37.Kxe4 Bxd4 38.a6 Kxb5 39.Kxd4 Kxa6 40.Kc5 f5 41.f4  1-0

[Event "Elista ol (Men)"]
[Site "Elista"]
[Date "1998.09.29"]
[Round "1"]
[White "Khamdamov, Suhrob"]
[Black "Ponomariov, Ruslan"]
[Result "0-1"]
[WhiteElo "2140"]
[BlackElo "2585"]

1.d4 Nf6 2.Nf3 d5 3.c4 dxc4 4.Nc3 a6 5.a4 Nc6 6.e3 Na5 7.Ne5 Be6 8.g4 g6
9.Bg2 Bg7 10.O-O c5 11.f4 cxd4 12.exd4 Nd5 13.f5 Nxc3 14.bxc3 gxf5 15.gxf5 Bd5
16.f6 Bxf6 17.Rxf6 exf6 18.Qe2 Rg8 19.Ng4+ Be6 20.Nh6 Rg6 21.Nf5 Nb3 22.Ba3 Nxa1
23.Nd6+ Kd7 24.Nxb7 Qg8 25.Nc5+ Kc8  0-1

[Event "Elista ol (Men)"]
[Site "Elista"]
[Date "1998.10.01"]
[Round "3"]
[White "Ponomariov, Ruslan"]
[Black "Zueger, Beat"]
[Result "1/2-1/2"]
[WhiteElo "2585"]
[BlackElo "2425"]

1.e4 e6 2.d4 d5 3.Nd2 Nf6 4.e5 Nfd7 5.Bd3 c5 6.c3 Nc6 7.Ne2 cxd4 8.cxd4 f6
9.exf6 Nxf6 10.Nf3 Bd6 11.O-O O-O 12.Bg5 Bd7 13.a3 Be8 14.Ng3 h6 15.Be3 Bxg3
16.hxg3 Bh5 17.Qb3 Qb6 18.Qxb6 axb6 19.Ne5 Nxe5 20.dxe5 Nd7 21.Bd4 Nc5 22.Bc2 Kf7
23.b4 Nd7 24.Bd3 Bg6 25.Bb5 Ke7 26.Rfc1 Rfc8 27.g4 Kd8 28.f4 Rxc1+ 29.Rxc1 Rc8
30.Rxc8+ Kxc8 31.f5 Bf7 32.Kf2 Kc7 33.Ke3 Nb8 34.Bd3 Nc6 35.Bc3 Kd7 36.Kf4 Ne7
37.b5 Be8 38.Bd4 Kc7 39.f6 g5+ 40.Ke3 Ng6 41.Bc3 Nf8 42.Bb4 Nd7 43.Kd4 Bf7
44.Bd6+ Kd8 45.a4 Kc8 46.Bh7 Kd8 47.Kc3 Kc8 48.Kb4 Kd8 49.a5 bxa5+ 50.Kxa5 Kc8
51.b6 Kd8 52.Kb5 Ke8 53.Bc7 Kf8 54.Kb4 Ke8 55.Kc3 Kf8 56.Kd4 Be8 57.Kc3 Kf7
58.Kb4 Nf8 59.Bc2 Nd7 60.Ka5 Kg8 61.Bd6 Bf7 62.Ba4 Be8 63.Bc7 Kf7 64.Kb4 Kg8
65.Bc2 Bf7 66.Ba4 Be8  1/2-1/2

[Event "Elista ol (Men)"]
[Site "Elista"]
[Date "1998.10.07"]
[Round "9"]
[White "Ponomariov, Ruslan"]
[Black "Babula, Vlastimil"]
[Result "1-0"]
[WhiteElo "2585"]
[BlackElo "2575"]

1.e4 c5 2.Nf3 Nc6 3.c3 d5 4.exd5 Qxd5 5.d4 Bg4 6.Be2 cxd4 7.cxd4 e6 8.h3 Bh5
9.Nc3 Qa5 10.d5 exd5 11.Nd4 Bxe2 12.Qxe2+ Be7 13.Nxc6 bxc6 14.O-O Kf8 15.Re1 Bf6
16.Bd2 Qd8 17.Rac1 Ne7 18.Na4 Rb8 19.a3 h5 20.Qf3 h4 21.Nc5 Kg8 22.b4 Rc8
23.Rc2 Ng6 24.Nd3 Qd7 25.Rec1 Kh7 26.b5 Ne7 27.Qh5+ Kg8 28.Qg4 Qxg4 29.hxg4 Kh7
30.bxc6 Rhd8 31.Kf1 g5 32.a4 d4 33.c7 Rd7 34.Ba5 Nd5 35.Rc6 Kg7 36.Nc5 Re7
37.Nb7 Be5 38.Nd6 Bxd6 39.Rxd6 Nb6 40.Rdc6 f6 41.Bb4 Rd7 42.Bd6 Nxa4 43.R1c4 Nb6
44.Rxd4 Kf7 45.f4 gxf4 46.Kf2 Re8 47.Bc5 Rxd4 48.Bxd4 Nc8 49.Rxf6+ Ke7 50.g5 Kd7
51.g6 Kxc7 52.g7 Ne7 53.Rf8 Kd7 54.Bxa7 Rc8 55.Bd4 Ng8 56.Kf3 Ne7 57.Bf6 Ng8
58.Bxh4  1-0

[Event "Elista ol (Men)"]
[Site "Elista"]
[Date "1998.10.10"]
[Round "11"]
[White "Ponomariov, Ruslan"]
[Black "Dizdarevic, Emir"]
[Result "1-0"]
[WhiteElo "2585"]
[BlackElo "2530"]

1.e4 c6 2.d4 d5 3.Nd2 g6 4.Ngf3 Bg7 5.h3 dxe4 6.Nxe4 Bf5 7.Ng3 Be6 8.c3 Nf6
9.Bd3 Bd5 10.O-O Nbd7 11.Re1 c5 12.dxc5 Nxc5 13.Bb5+ Bc6 14.Bxc6+ bxc6 15.Qxd8+ Rxd8
16.Ne5 Nd3 17.Nxd3 Rxd3 18.Be3 Rd7 19.Bc5 Nd5 20.Rad1 Rb7 21.Ne4 O-O 22.Ba3 a5
23.g3 Ra8 24.Re2 Bf8 25.Red2 h6 26.Nc5 Rc7 27.Na4 Rb7 28.Bc5 e6 29.c4 Nf6
30.Rd8 Rbb8 31.Bb6 Kg7 32.a3 g5 33.Rxb8 Rxb8 34.Rd3 Ne4 35.Bxa5 Kg6 36.b4 c5
37.Nc3 Nxc3 38.Rxc3 Ra8 39.Kg2  1-0

[Event "Elista ol (Men)"]
[Site "Elista"]
[Date "1998.10.12"]
[Round "13"]
[White "Ponomariov, Ruslan"]
[Black "Anastasian, Ashot"]
[Result "1-0"]
[WhiteElo "2585"]
[BlackElo "2560"]

1.e4 c5 2.Nf3 Nc6 3.c3 Nf6 4.e5 Nd5 5.Bc4 Nb6 6.Bb3 d5 7.exd6 Qxd6 8.O-O Bf5
9.d4 cxd4 10.Nxd4 Nxd4 11.cxd4 e6 12.Nc3 Be7 13.Qf3 O-O 14.d5 Qd7 15.dxe6 Bxe6
16.Rd1 Qc6 17.Qxc6 bxc6 18.Bxe6 fxe6 19.Ne4 Nd5 20.Bg5 Bf6 21.Bxf6 gxf6 22.Rac1 Rac8
23.g3 Rfd8 24.Rd4 Kf7 25.Rdc4 Ne7 26.Kg2 h6 27.R1c2 e5 28.Nc5 Rd5 29.Rh4 Kg6
30.Rb4 Nf5 31.Rb7 Nd4 32.Rc1 a5 33.Ra7 Rb8 34.b3 h5 35.h4 Kf5 36.Rc4 Rb5
37.Na6 Rb6 38.Nc7 Rd7 39.Na8 Rxa7 40.Nxb6 Rb7 41.Na4 Rb8 42.Nc3 Ra8 43.f3 Ke6
44.Kf2 Ra7 45.Nd1 Kd6 46.Ne3 c5 47.Ra4 Ke6 48.g4 hxg4 49.fxg4 Nc6 50.Rc4 Nb4
51.Kf3 Nd3 52.h5 Rd7 53.Ra4 Rd4 54.Nf5 Rxa4 55.bxa4 c4 56.h6 Nf4 57.Ne3 c3
58.h7 Ng6 59.Ke2 Kf7 60.Kd3 Kg7 61.Kxc3 Kxh7 62.Kc4 Kh6 63.Kb5 Kg5 64.Kxa5 Kf4
65.Nd5+  1-0

[Event "Donetzk zt"]
[Site "Donetsk"]
[Date "1998.11.03"]
[Round "2"]
[White "Golubev, Mihail"]
[Black "Ponomariov, Ruslan"]
[Result "0-1"]
[WhiteElo "2515"]
[BlackElo "2585"]

1.e4 d6 2.d4 Nf6 3.Nc3 g6 4.f4 Bg7 5.Nf3 O-O 6.Be2 c5 7.dxc5 Qa5 8.O-O Qxc5+
9.Kh1 Nc6 10.Bd3 Bg4 11.Qe1 Bxf3 12.Rxf3 Nb4 13.Be3 Nxd3 14.cxd3 Qb4 15.Bg1 e6
16.d4 Rfc8 17.f5 exf5 18.exf5 g5 19.Qd2 h6 20.Be3 d5 21.h4 g4 22.Rff1 Nh5
23.f6 Bxf6 24.Rxf6 Nxf6 25.Bxh6 Kh7 26.Rf1 Rc6 27.Bg5 Nh5 28.Rxf7+ Kg8 29.Be7 Qc4
30.Qf2 Qd3 31.Rf8+ Rxf8 32.Qxf8+ Kh7 33.Qf7+ Ng7 34.Bf8 Qg6 35.Qxd5 Rf6  0-1

[Event "Donetzk zt"]
[Site "Donetsk"]
[Date "1998.11.08"]
[Round "6"]
[White "Kuzmin, Gennadi P"]
[Black "Ponomariov, Ruslan"]
[Result "1-0"]
[WhiteElo "2560"]
[BlackElo "2585"]

1.e4 d6 2.d4 Nf6 3.Nc3 g6 4.Bf4 c6 5.Qd2 b5 6.Bd3 Bg7 7.h3 Nbd7 8.Nf3 Nb6
9.Bh6 O-O 10.Bxg7 Kxg7 11.O-O Qc7 12.a4 b4 13.Ne2 a5 14.Ng3 e5 15.c3 bxc3
16.Qxc3 Nbd7 17.Rac1 Bb7 18.Rfd1 Rfe8 19.Bb1 Rad8 20.Ba2 Qb6 21.dxe5 Nxe5
22.Nxe5 Rxe5 23.Rxd6 Rxd6 24.Qxe5 Qd4 25.Qxa5 Qxb2 26.Qc5 Rd2 27.Rb1 Qxa2
28.Rxb7 Qxa4 29.Qg5 Qa1+ 30.Kh2 Rxf2 31.e5 Ng8 32.Nh5+ Kh8 33.Rb8 Rxg2+ 34.Kxg2 Qa2+
35.Kg3 Qa3+ 36.Kh4  1-0

[Event "Donetzk zt"]
[Site "Donetsk"]
[Date "1998.11.09"]
[Round "7"]
[White "Ponomariov, Ruslan"]
[Black "Sulipa, Aleksandar"]
[Result "1/2-1/2"]
[WhiteElo "2585"]
[BlackElo "2415"]

1.e4 e5 2.Nf3 Nf6 3.Nxe5 d6 4.Nf3 Nxe4 5.d4 d5 6.Bd3 Nc6 7.O-O Be7 8.c4 Nb4
9.Be2 O-O 10.Nc3 Bf5 11.a3 Nxc3 12.bxc3 Nc6 13.cxd5 Qxd5 14.Bf4 Na5 15.Bxc7 Rac8
16.Bxa5 Qxa5 17.c4 Bf6 18.Ra2 Rfd8 19.Qb3 Qb6 20.Rb2 Qxb3 21.Rxb3 b6 22.d5 Re8
23.Re3 Bg4 24.Rd1 Bxf3 25.Rxe8+ Rxe8 26.Bxf3 Be5 27.g3 Bd6 28.a4 a5 29.h4 g6
30.h5 Kg7 31.Kf1 Re7 32.Be2 Re8 33.Bd3 Kf6 34.Kg2 Re5 35.hxg6 hxg6 36.Rh1 Kg7
37.Kf3  1/2-1/2

[Event "Donetzk zt"]
[Site "Donetsk"]
[Date "1998.11.10"]
[Round "8"]
[White "Ponomariov, Ruslan"]
[Black "Shneider, Aleksandr"]
[Result "1/2-1/2"]
[WhiteElo "2585"]
[BlackElo "2540"]

1.e4 c5 2.Nf3 d6 3.d4 cxd4 4.Nxd4 Nf6 5.Nc3 a6 6.Be3 e5 7.Nb3 Be6 8.Qd2 Nbd7
9.f3 Be7 10.g4 O-O 11.O-O-O Rc8 12.h4 b5 13.h5 Nb6 14.Bxb6 Qxb6 15.g5 b4
16.Ne2 Nd7 17.Kb1 Qf2 18.Bh3 Qxf3 19.Rdf1 Qxe4 20.Ng3 Qc4 21.Nf5 Rce8 22.g6 Qd5
23.Nh6+ gxh6 24.Qxh6 fxg6 25.hxg6 Rxf1+ 26.Rxf1 Nf6 27.gxh7+ Kh8 28.Rg1 Ng4
29.Qg6 Rf8 30.Bxg4 Bxg4 31.Qxg4 Bf6 32.Nd2 Qf7 33.Ne4 Be7 34.b3 d5 35.Ng3 e4
36.Nf5 Bc5 37.Nh6 Qxh7 38.Rh1 Rf6 39.Qg5 Qg6 40.Qxd5 Qg2 41.Qd8+ Kh7 42.Qd7+ Kg6
43.Qe8+ Kh7 44.Qd7+  1/2-1/2

[Event "Festival comtois 3rd"]
[Site "Belfort"]
[Date "1998.12.20"]
[Round "7"]
[White "Rozentalis, Eduardas"]
[Black "Ponomariov, Ruslan"]
[Result "1/2-1/2"]
[WhiteElo "2575"]
[BlackElo "2585"]

1.e4 d6 2.d4 Nf6 3.Nc3 g6 4.Nf3 Bg7 5.Be2 O-O 6.O-O Bg4 7.Be3 Nc6 8.d5 Nb8
9.a4 a5 10.Nd4 Bxe2 11.Qxe2 c6 12.f3 Qc7 13.Rad1 Na6 14.Qd2 Rfe8 15.Rfe1 Nb4
16.Nb3 Nd7 17.Bd4 Rac8 18.Bxg7 Kxg7 19.Qd4+ Kg8 20.Rd2 Qb6 21.Qxb6 Nxb6 22.Nxa5 Ra8
23.Nxb7 Reb8 24.dxc6 Nxc6 25.Nxd6 exd6 26.Rxd6 Nb4 27.b3 Nxc2 28.Rc1 Nb4
29.Nb5 Rb7 30.Rc7 Rxc7 31.Nxc7 Rb8 32.Kf2 Kf8 33.Rd4 Nc6 34.Rd6 Nb4 35.Rd4 Nc2
36.Rd2 Nb4  1/2-1/2

[Event "Festival comtois 3rd"]
[Site "Belfort"]
[Date "1998.12.21"]
[Round "8"]
[White "Ponomariov, Ruslan"]
[Black "Gurevich, Mikhail"]
[Result "1/2-1/2"]
[WhiteElo "2585"]
[BlackElo "2610"]

1.e4 e6 2.d4 d5 3.Nd2 c5 4.Ngf3 Nf6 5.exd5 exd5 6.Bb5+ Bd7 7.Bxd7+ Nbxd7
8.O-O Be7 9.dxc5 Nxc5 10.Re1 O-O 11.Nf1 Re8 12.Be3 a5 13.c3 b5 14.Rc1 Rc8
15.Bd4 Ne6 16.Be5 Ne4 17.Ng3 Nxg3 18.hxg3 Bc5 19.Rc2 Qd7 20.g4 Qb7 21.Rd2 Red8
22.Nd4 Bxd4 23.Bxd4 b4 24.Be5 Qc6 25.Re3 Rd7 26.Qf3 f6 27.Bd4 Ng5 28.Qf5 Ne4
29.Rd1 Qd6 30.Red3 Rcd8 31.cxb4 axb4 32.Be3 Qc6 33.Rd4 b3 34.axb3 Nc5 35.Qc2 Qb5
36.g5 fxg5 37.Bxg5 Ne6 38.Bxd8 Nxd4 39.Qc8 Ne2+ 40.Kh2 Qb7 41.Qxb7 Rxb7 42.Rxd5 Rxb3
43.Rd2 Nf4 44.Ba5 Rb5 45.Bc3 Nd5 46.Bd4 Kf7 47.Kg3 g5 48.Kf3 Rb3+ 49.Ke2 Nf4+
50.Kf1 Nd5 51.Bc5 Nf6 52.Re2 Nd5 53.g3 Rb5 54.Bd6 Rb6 55.Ba3 Kg6 56.Rd2 Rb5
57.Ke2 Kf5 58.Rd4 Ke5 59.Kd3 h5 60.b4 Rb7 61.Re4+ Kf5 62.Rc4 Rd7 63.Rc5 h4
64.gxh4 gxh4 65.Ke2 Kg4 66.Bc1 h3 67.Rc4+ Kh5 68.Kf3 h2 69.Kg2 Nxb4 70.Rxb4  1/2-1/2

[Event "Festival comtois 3rd"]
[Site "Belfort"]
[Date "1998.12.22"]
[Round "9"]
[White "Degraeve, Jean Marc"]
[Black "Ponomariov, Ruslan"]
[Result "1/2-1/2"]
[WhiteElo "2580"]
[BlackElo "2585"]

1.e4 d6 2.d4 Nf6 3.Nc3 g6 4.Nf3 Bg7 5.Be3 O-O 6.Qd2 c6 7.Bh6 Bg4 8.Bxg7 Kxg7
9.Ng5 h6 10.h3 Bc8 11.Nf3 Qa5 12.e5 dxe5 13.Nxe5 Nbd7 14.Ng4 Nxg4 15.hxg4 Rh8
16.f3 Nf6 17.Bc4 b5 18.Bb3 Bb7 19.O-O-O c5 20.g5 hxg5 21.Qxg5 cxd4 22.Rxh8 Rxh8
23.Qxb5 Qxb5 24.Nxb5 Rh2 25.Re1 Kf8 26.Nxd4 Rxg2 27.Ba4 Rf2 28.Bc6 Bxc6 29.Nxc6 Rxf3
30.Rxe7 Rf1+ 31.Kd2 g5 32.Re1 Rf4 33.Nxa7 g4 34.Nb5 Nd5 35.Re5 Nb6 36.b3 Nd7
37.Re2 f5 38.a4 g3 39.Nc7 Rg4 40.Rg2 Kf7 41.Ke2 Ne5 42.Nd5 Re4+ 43.Kf1 Ke6
44.c4 f4 45.Re2 Rd4 46.Nxf4+ Rxf4+ 47.Kg2 Kf5 48.Re3 Ng4 49.Rf3 Rxf3 50.Kxf3 Ne5+
51.Kxg3 Ke4 52.a5 Nc6 53.a6 Kd4 54.Kf4 Kc3 55.Ke4 Kxb3 56.Kd5 Nb4+ 57.Kd6 Nxa6
58.c5 Nxc5  1/2-1/2

[Event "UKR-chT"]
[Site "Alushta"]
[Date "1998.??.??"]
[Round "?"]
[White "Ponomariov, Ruslan"]
[Black "Kutsyk, Ivan"]
[Result "1-0"]
[WhiteElo "2580"]
[BlackElo "2285"]

1.e4 d5 2.exd5 Nf6 3.Nf3 Nxd5 4.d4 g6 5.Be2 Bg7 6.O-O O-O 7.Re1 Re8 8.Na3 Nb6
9.c3 c5 10.dxc5 Qxd1 11.Rxd1 Na4 12.Bb5 Nxc3 13.bxc3 Rf8 14.Nd4 e5 15.Ne2 Be6
16.Bc4 Bxc4 17.Nxc4 Na6 18.Be3 Rfc8 19.Nd6 Rc7 20.Rd5  1-0